| 000 | 00891nam a22002291a 4500 | ||
|---|---|---|---|
| 001 | 37924 | ||
| 003 | BD-RjUL | ||
| 005 | 20211209052705.0 | ||
| 008 | 150812s2000 bg ||||| b||| 00| 0 ben d | ||
| 035 | _a(BD-RjUL)38029 | ||
| 040 |
_aBD-RjUL _beng _cBD-RjUL |
||
| 041 |
_aben _aurd |
||
| 082 |
_a297.124 _bHOU 2000 |
||
| 100 |
_aহোসেন, মোহাম্মাদ বেলাল _9117489 |
||
| 245 |
_aউলূমুল হাদীস / _cমোহাম্মাদ বেলাল হোসেন |
||
| 260 |
_aরাজশাহী, বাংলাদেশ : _bসেন্টার ফর ইসলামিক রিসার্চ, _c২০০০. |
||
| 300 |
_a৩৫৮ পৃ. ; _c২২ সেমি. |
||
| 504 | _aগ্রন্থপঞ্জী সংযুক্ত । | ||
| 650 |
_aহাদীস _9117385 |
||
| 650 |
_aHadith _9117386 |
||
| 942 |
_2ddc _cBK _010 |
||
| 999 |
_c37924 _d37924 |
||